00370 a2200121 4500001000900000005001700009008004100026245006000067100002000127700002200147700002400169773005500193ART_693420260410161659.0260409a 10aUna metodología bayesiana para promediar predicciones1 aElosegui, Pedro1 aLepone, Francisco1 aMc Candless, George0 tEnsayos Económicosg- Nº 45 (oct. 2006)wREV620